Statistiques concernant Equipe de France basket 2013

Cliquez ici pour prendre le quiz!

Statistiques générales

  • Ce quiz a été pris 831 fois
  • Le résultat moyen est 8 sur 15

Statistiques - réponses

PosteJoueur% Correct
Meneur de jeuTony Parker
99%
Ailier fortBoris Diaw
89%
AilierNicolas Batum
88%
ArrièreNando De Colo
78%
EntraîneurVincent Collet
78%
Ailier fortFlorent Pietrus
62%
Meneur de jeuAntoine Diot
61%
AilierMickael Gelabale
60%
PivotAlexis Ajinça
50%
Meneur de jeuThomas Heurtel
46%
PivotJoffrey Lauvergne
41%
PivotJohan Petro
26%
AilierCharles Kahudi
24%
AdjointRuddy Nelhomme
11%
DTNPatrick Beesley
5%

Distribution des résultats

Percentile par nombre de réponses

% des personnes avec chaque résultat

Votre développement - résultats

Vous n’avez pas pris ce quiz